| 000 | 01302nam a2200277 i 4500 | ||
|---|---|---|---|
| 001 | bg | ||
| 100 | 1 | _aSALWIŃSKI, Józef | |
| 245 | 1 | 0 |
_aZagadnienia apriorycznej oceny zdolności do utrzymania [stanu] działania łożysk ślizgowych o tarciu płynnym / _cJózef Salwiński. |
| 246 | 1 | 1 | _aProblems of apriori estimation of ability to maintain operational state of fluid friction slide bearings |
| 260 |
_aKraków : _bWydawnictwa AGH, _c1998. |
||
| 300 |
_a129, [1] s. : _brys., wykr. ; _c24 cm. |
||
| 490 | 1 |
_aRozprawy, Monografie / [Akademia Górniczo-Hutnicza im. S. Staszica] = _aDissertations, Monographies, _x0867-6631 ; _v68 |
|
| 500 | _aTyt. równol. : Problems of apriori estimation of ability to maintain operational state of fluid friction slide bearings. - Streszcz. ang. | ||
| 504 | _aBibliogr. s. 123-[130]. | ||
| 650 | 9 |
_aŁożyska ślizgowe _xbadanie |
|
| 650 | 9 |
_aNiezawodność urządzeń _xbadanie |
|
| 650 | 9 |
_aRachunek prawdopodobieństwa _xstosowanie |
|
| 650 | 9 |
_aSymulacja _xstosowanie _xtechnika |
|
| 650 | 9 |
_aTrybologia _xzagadnienia |
|
| 830 | 0 |
_aRozprawy, Monografie ([Akademia Górniczo-Hutnicza im. S. Staszica]) ; _v68 |
|
| 040 | _cBPK | ||
| 041 | 0 |
_apl _ben |
|
| 080 | _a621.822-192:519.876.5+519.2 | ||
| 942 | _cKS | ||
| 008 | s pl f |000 0 pol | ||
| 999 |
_c38339 _d38339 |
||
| 856 |
_uhttp://koha.tu.koszalin.pl/cgi-bin/koha/opac-detail.pl?biblionumber=38339 _yKatalog online BPK |
||